000 00570nam a2200181 i 4500
001 87836
003 ES-MaACL
005 20230906175741.0
007 t|
008 041223s1967 sp ||||1| spa d
100 1 _aKuschinsky, Gustav.
_969077
245 1 0 _aManual de Farmacología /
_cpor G. Kuschinsky y H. Lüllmann ; traducción, Carlos Valle Leal.
260 _aBarcelona, etc. :
_bMarín,
_c[1967]
300 _aXII, 374 p. :
_bil. ;
_c24 cm.
700 1 _aLüllmann, H.
_974731
700 1 _aValle Leal, Carlos.
_9112812
852 _aES-MaACL
_jC-33729
_bR.64256
999 _c87836
_d87836